Paroles Kaioty - Tip Stevens - Statistiques

Statistiques générales
  • Ce quiz a été pris 41 fois
  • Le résultat moyen est 221 sur 248
Statistiques - réponses
Lyrics % Correct
a
100%
be
100%
I
100%
it
100%
Kaioty,
100%
Kaioty
100%
me
100%
(Ooh
100%
Ooh)
100%
to
100%
When
100%
you
100%
But
96%
if
96%
Oh,
96%
want
96%
we
96%
We
96%
will
96%
your
96%
don't
92%
Just
92%
just
92%
never
92%
only
92%
tame
92%
try
92%
Wish
92%
wish
92%
would
92%
before
88%
bite
88%
how
88%
in
88%
is
88%
make
88%
mind
88%
tried
88%
can
84%
catch
84%
I'm
84%
move
84%
please
84%
So
84%
could
80%
keep
80%
Keep
80%
understood
80%
are
76%
case
76%
know
76%
should
76%
beauty
72%
fuck
72%
heal
72%
Not
72%
Now,
72%
Now
72%
(Now)
72%
up
72%
again
68%
Again
68%
real
68%
remain
68%
think
68%
allow
64%
claws
64%
facing
64%
out,
64%
truly
64%
understand
64%
Wild
64%
bleeding
60%
caring
60%
everyone
60%
forget
60%
necessary
60%
place
60%
precious
60%
time
60%
was
60%
Slowly
56%
surrender
56%
wary
56%
fully
52%
protect
44%
Aucun quiz correspondant
Distribution des résultats
% des personnes avec chaque résultat
Percentile par nombre de réponses
Votre historique - résultats
Vous n’avez pas pris ce quiz